000 02971nam0a2200421 4500
001 RU\NLR\BIBL_A\012918893
005 20260407115735.0
035 _a(NLR Aleph) 012918893
090 _a12638128
_c12638128
100 _a20190626d1901 |||y0rusy50 ca
101 0 _arus
102 _aRU
105 _ay z 000zy
181 0 _ai
_baxxe
182 0 _an
200 1 _aОб учреждении Политехнического института в С.-Петербурге
_eпредставление по этому делу, с приложениями, разослано Членам Государственного Совета в печатных экземплярах
_fГосударственный Совет в Соединенных Департаментах промышленности, наук и торговли, Законов и Государственной экономии. Министерство Финансов. 19 октября 1901 года. № 114
203 _aТекст
_bвизуальный
_cнепосредственный
210 _a[Санкт-Петербург
_cб. и.]
_d1901
215 _a75 с.
_d34
300 _aВ конце текста: Подписали: Н. Чихачов, А. Горемыкин, М. Галкин-Враской [и др.]; Скрепил: За Статс-Секретаря А. Максимовский
300 _aНа 1-й, 5-й... с.: CMXXXVI
309 _aБез тит. л. и обл.
601 0 2 _aСанкт-Петербургский политехнический институт
_jДокументы и материалы
_92609161
_3RU\NLR\AUTH\661545719
686 3 _aЧ488.74(28)7-Петербургский
702 1 _4720
_7ca
_8rus
_aЧихачёв
_bН. М.
_cадмирал, гос. деятель
_f1830-1917
_gНиколай Матвеевич
_9197499
_3RU\NLR\AUTH\770197550
702 1 _aГоремыкин
_bА.
_4720
702 1 _4720
_8rus
_7ca
_aГалкин-Враской
_bМ. Н.
_f1834-1916
_gМихаил Николаевич
_3RU\NLR\AUTH\7711533
_9121275
702 1 _4720
_7ca
_8rus
_aМаксимовский
_bА. М.
_cгос. деятель
_f1844-1907
_gАлександр Михайлович
_9216868
_3RU\NLR\AUTH\770216924
710 0 2 _aСанкт-Петербургский политехнический институт
_3RU\NLR\AUTH\8812656
_9298123
711 0 1 _aРоссия
_bМинистерство финансов
_3RU\NLR\AUTH\889947360
_9390360
711 0 1 _aРоссия
_bГосударственный совет
_3RU\NLR\AUTH\889948587
_9392796
712 0 1 _4570
_aРоссия
_bСоединенные Департаменты промышленности, наук и торговли, законов и государственной экономии
_9841857
_3RU\NLR\AUTH\880588002
852 _aNLR
_j135/295-12(1)
942 _cBOOK
980 _aNB